00683nam a22002297a 450000500170000001000110001702000190002803500110004703700160005804000120007408200080008624500880009424600060018226000420018827000460023030000200027665000200029665000220031665000490033865000470038770000190043420170124105924.0 a486176 c00a8171419208 a486176 bCen Lib/Ret aDPLbEN a307 aThe taeching of the social science in india(1947-67) /cby Humayun Kabir...[et al.] b  bUniversal Publications c1968aDelhi  bDelhi e110006a16, neta ji subhash marg  a716p.c21cm(Hb) aSocial Science  aTeaching Methods  a सामाजिक विज्ञान a शिक्षण के तरीके aKabir, Humayun